<?xml version="1.0" encoding="UTF-8"?>
<marc:record xmlns:marc="http://www.loc.gov/MARC21/slim">
   <marc:leader>00000nam a2200000 a 4500</marc:leader>
   <marc:datafield ind1="0" ind2="0" tag="245">
      <marc:subfield code="a">Leo</marc:subfield>
   </marc:datafield>
   <marc:datafield ind1="0" ind2="0" tag="245">
      <marc:subfield code="b">muss zum Friseur</marc:subfield>
   </marc:datafield>
   <marc:datafield ind1=" " ind2="1" tag="264">
      <marc:subfield code="a">Dreiech</marc:subfield>
      <marc:subfield code="b">AbacusspieleVerlags GmbH &amp; CoKG</marc:subfield>
      <marc:subfield code="c">2016</marc:subfield>
   </marc:datafield>
   <marc:datafield ind1="1" ind2=" " tag="520">
      <marc:subfield code="a">Leo der Löwe muss unbedingt zum Friseur, denn seine Mähne wächst ihm buchstäblich über den Kopf. Und so macht er sich früh morgens auf den Weg zu Bobos Salon. Doch er trödelt mal wieder und hält lieber ein Schwätzchen mit den anderen Tieren, die er auf dem Weg trifft. Helft Leo gemeinsam vor Sonnenuntergang den Friseursalon zu erreichen, bevor seine Mähne zu lang wird!</marc:subfield>
   </marc:datafield>
   <marc:datafield ind1=" " ind2=" " tag="500">
      <marc:subfield code="a">für 2 - 5 Spieler</marc:subfield>
   </marc:datafield>
   <marc:datafield ind1="0" ind2=" " tag="490">
      <marc:subfield code="v">0</marc:subfield>
   </marc:datafield>
   <marc:datafield ind1=" " ind2=" " tag="300">
      <marc:subfield code="a">Inhalt: 30 Wegplättchen, 20 Bewegungskarten,1 Startplättchen, 1 Zielplättchen, 1 Holzfigur Leo, 5 Teile Löwenmähne, 1 Wecker, 1 Spielanleitung (mehrspr.)</marc:subfield>
   </marc:datafield>
</marc:record>
